000 00484nam a2200181Ia 4500
005 20240823061120.0
008 240823s9999||||xx |||||||||||||| ||und||
041 _aENGLISH
082 _A809.939 Q5
100 _aArun Nigavekar
245 0 _aDisruptive Innovation in Higher Education India Cannot Avoid the Change
250 _a1st
260 _c2015
_bAssociation of Indian Univers
500 _aYES
650 _aCareer Development
_bGeneral
942 _cBK
999 _c232750
_d232750